Vzťah k vlastnému zdraviu v otázke správnej výživy = Bearing on own well-being in question right nourishment : Diplomová práca

Enregistré dans:
Détails bibliographiques
Auteur principal: Bandurčinová, Gabriela (Auteur)
Autres auteurs: Mádel, Pavel (xxx)
Format: Manuscrit Livre
Langue:slovaque
Publié: Trnava : STU v Bratislave MTF UIPH, 2009
Sujets:
Tags: Ajouter un tag
Pas de tags, Soyez le premier à ajouter un tag!

MARC

LEADER 00000ntm a22000003a 4500
001 stu198824
005 20160719160105.1
008 100122s2009----xo------------------slo-d
040 |a STU  |b slo 
041 0 |a slo 
044 |a xo 
100 1 |a Bandurčinová, Gabriela  |4 aut 
245 1 |a Vzťah k vlastnému zdraviu v otázke správnej výživy = Bearing on own well-being in question right nourishment :  |b Diplomová práca 
260 |a Trnava :  |b STU v Bratislave MTF UIPH,  |c 2009 
300 |a 53 s  |c Prílohy 
500 |a Študijný program: učiteľstvo technických profesijných predmetov 
500 |a Študijný odbor: 1.1.2 učiteľstvo profesijných predmetov a praktickej prípravy 
650 7 |a stravovanie  |2 stusub 
650 7 |a výživa  |2 stusub 
700 1 |a Mádel, Pavel  |4 xxx 
996 |b 284M077809  |c M*DP-8842  |l MMSKP  |s P  |a 0  |w stu198824_0001